200 modelos de curriculum
Gespeichert in:
| 1. Verfasser: | |
|---|---|
| Format: | Buch |
| Sprache: | Spanisch |
| Veröffentlicht: |
Buenos Aires
Granica
1999
|
| Schlagworte: | |
| Tags: |
Tag hinzufügen
Keine Tags, Fügen Sie den ersten Tag hinzu!
|
MARC
| LEADER | 00000nam a2200000 a 4500 | ||
|---|---|---|---|
| 001 | UCI2592 | ||
| 003 | CL-VaPUC | ||
| 008 | 070831e19990000AG |||||||||||||||||spa|d | ||
| 020 | |a 9506412405 | ||
| 082 | 0 | 4 | |a 658.3112 |b ALL |2 21 |
| 100 | |a Alles, Martha Alicia |e autora |9 254834 | ||
| 245 | 1 | 0 | |a 200 modelos de curriculum |
| 300 | |a 273 p | ||
| 942 | |c BK | ||
| 945 | |d 20070831 00:00:00 |a rbrito | ||
| 260 | |a Buenos Aires |b Granica |c 1999 | ||
| 650 | 7 | |a CURRICULLUM |2 CL-VaPUC |9 523629 | |
| 650 | 7 | |a ELECCION DE EMPLEO |2 CL-VaPUC |9 523630 | |
| 650 | 7 | |a PROMOCION PROFESIONAL |2 CL-VaPUC |9 523631 | |
| 650 | 0 | |a Empleo |9 339124 | |
| 650 | 7 | |a POLITICA DE EMPLEO |2 CL-VaPUC |9 359114 | |
| 650 | 7 | |a CAMBIO DE EMPLEO |2 CL-VaPUC |9 523632 | |
| 650 | 7 | |a NECESIDADES DE MANO DE OBRA |2 CL-VaPUC |9 523633 | |
| 650 | 0 | |a Trabajo |9 313876 | |
| 583 | |a last modification |c 20070831 00:00:00 |k Rodrigo Vera | ||
| 999 | |c 327081 |d 327079 | ||
| 952 | |0 0 |1 0 |4 0 |6 658_311200000000000_ALL_1999 |7 0 |8 A |9 409489 |a BIBING |b BIBING |d 2019-11-22 |i 4368371 |o 658.3112 ALL 1999 |p 4368371 |r 2025-01-20 |w 2019-11-22 |y BK |k EII | ||